000 00534nam a22001937a 4500
003 OSt
005 20140310182802.0
008 130213t xxu||||| |||| 00| 0 eng d
050 _aPR 2825
_b.Sh527 1957
082 _aM 822.33P3
_bSh1 1960
245 _aThe merchant of Venice
_cShakespeare, William
260 _aNew York :
_bWashington Square Press, Inc,
_cc1957.
300 _axxxvii, 94 p.
_bill. ;
_c17 cm.
521 _aCollege Students
526 _c1210L-1700L
541 _j1
562 _e1
942 _2lcc
_cBK
_kM
999 _c15997
_d15997